| 000 | 00714nam a2200229 i 4500 | ||
|---|---|---|---|
| 001 | 86373 | ||
| 003 | ES-MaACL | ||
| 005 | 20230906175431.0 | ||
| 007 | t| | ||
| 008 | 041209s1968 sp |||| | spa d | ||
| 080 | _a821.111-31.09"19" | ||
| 100 | 1 |
_aKarl, Frederick R. _967561 |
|
| 245 | 1 | 3 |
_aLa novela inglesa contemporánea / _cFrederick R. Karl ; [traducción, Rosario Berdagué]. |
| 260 |
_aBarcelona : _bLumen, _c[1968] |
||
| 300 |
_a412 p. ; _c19 cm. |
||
| 490 | 1 |
_aPalabra en el tiempo ; _v38 |
|
| 650 | 4 |
_aNovela inglesa- _xHistoria y crítica. _915623 |
|
| 700 | 1 |
_aBerdagué, Rosario. _927858 |
|
| 830 | 0 |
_aPalabra en el tiempo ; _v38 _9177857 |
|
| 852 |
_aES-MaACL _jC-56811 |
||
| 999 |
_c86373 _d86373 |
||